| 000 | 00894nam a22002897a 4500 | ||
|---|---|---|---|
| 001 | 000741 | ||
| 003 | DO-SdBNP | ||
| 005 | 20180209104827.0 | ||
| 007 | 000741 | ||
| 008 | 161125b 1998 sp a ||||| |||| 00| 0 spa d | ||
| 020 | _a8434870126 | ||
| 040 |
_aBPMSU _bspa _cBPMSU |
||
| 100 | 1 |
_aMoleón Viana, Miguel Ángel, _d1965- |
|
| 245 | 1 | 0 |
_aEl rey Arturo cabalga de nuevo, más o menos / _cMiguel Ángel Moleón Viana. |
| 250 | _a6ª ed. | ||
| 260 |
_aMadrid : _bSM, _c1998. |
||
| 300 |
_a237 p. : _bil. ; _c19 cm. |
||
| 490 | 1 |
_aEl barco de vapor _v123 |
|
| 490 | 1 |
_aBarco de vapor. Serie naranja _v123 |
|
| 500 | _aA partir de 9 años. | ||
| 500 | _aIncluye datos del autor | ||
| 830 | 0 |
_aEl barco de vapor ; _v123 |
|
| 830 | 0 |
_aBarco de vapor. Serie naranja ; _v123 |
|
| 942 |
_2ddc _cBK |
||
| 945 | _aInventariado, 2018/MFF | ||
| 956 |
_2LOPEREZ _310 _620161125 _8BPMSU _a00041 |
||
| 999 |
_c12096 _d12096 |
||